Statistics for Geography of North Korea Quiz

Click here to take the quiz!

General Stats

  • This quiz has been taken 208 times
  • The average score is 10 of 20

Answer Stats

QuestionAnswer% Correct
What is the capital of North Korea?Pyongyang
100%
With what country does North Korea have a small 17 km border?Russia
92%
What does DMZ stands for?Demilitarized Zone
88%
What bay is located between North Korea and China's Liaodong peninsula?{Korea} Bay
77%
What does DPRK officially stand for?Democratic People's
Republic of Korea
75%
What sea does those two cities overlook?Sea of Japan
72%
What sea is located between North Korea and China?Yellow Sea
71%
By what name does North Korea refer to that sea?East Sea
69%
What is the nickname of North Korea - due to its isolation from other countries?{Hermit} Kingdom
65%
What is the tallest building in North Korea - still unfinished after 33 years of construction?Ryugyong {Hotel}
54%
What is the official state "religion" of North Korea?Atheism
50%
What is called Hangul in South Korea, but Chosŏn'gŭl in North Korea?Korean Alphabet
31%
What type of place in the capital of North Korea is world's deepest - completed in 1973?Pyongyang Metro
28%
What Chinese J province with a major Korean minority borders North Korea?Jilin
26%
What is the national airline of North Korea?Air {Koryo}
25%
What are the two most populous cities in North Korea after the capital? (name either)Hamhung | Chongjin
24%
What building formerly was the official residence of Kim Il-sung,
but now serves as his mausoleum?
Kumsusan
Palace of the {Sun}
23%
Which two rivers make the North Korean border with China? (name either)Tumen | Yalu
18%
What is the highest mountain in the Korean Peninsula and Northeast China?Paektu Mountain
15%
On what river is the North Korean capital located?Taedong River
10%

Score Distribution

Percentile by Number Answered

Percent of People with Each Score

Your Score History

You have not taken this quiz